Asesinatos en la escuela del perro. la sombra en el espejo /
"Asesinatos en la escuela del perro" y "Otra historia de terror". En la primera historia, un famoso comisario cuenta el primer caso con el que estuvo vinculado. Se trata de una serie de asesinatos: la cocinera, el perro mascota de la escuela y la maestra de Matemática aparecen mu...
Guardado en:
| Autor Principal: | |
|---|---|
| Otros Autores: | |
| Formato: | Libro |
| Publicado: |
Buenos Aires :
Quipu,
2009
|
| Series: | Serie Negra ; 4 / Victoria Arieta
|
| Materias: | |
| Etiquetas: |
Agregar Etiqueta
Sin Etiquetas, Sea el primero en etiquetar este registro!
|
| LEADER | 02000nam a22003615a 4500 | ||
|---|---|---|---|
| 001 | CEM.cems014882 | ||
| 008 | 130507s2009##################000#0#####d | ||
| 005 | 20231010083632.0 | ||
| 245 | 1 | 0 | |a Asesinatos en la escuela del perro. la sombra en el espejo / |c Olga Drennen; ilustrado Por Florencia Delboy |
| 260 | |a Buenos Aires : |b Quipu, |c 2009 | ||
| 300 | |a 112 p. | ||
| 490 | 0 | |a Serie Negra ; 4 / Victoria Arieta | |
| 520 | |a "Asesinatos en la escuela del perro" y "Otra historia de terror". En la primera historia, un famoso comisario cuenta el primer caso con el que estuvo vinculado. Se trata de una serie de asesinatos: la cocinera, el perro mascota de la escuela y la maestra de Matemática aparecen muertos. En la segunda historia, un grupo de amigos se adentra en un bosque para acampar y descubren que algo extraño está sucediendo allí | ||
| 020 | |a 9789875040236 | ||
| 100 | 1 | |a Drennen, Olga | |
| 700 | 1 | |a Delboy, Florencia; il. | |
| 082 | 0 | 4 | |a A868.4 |
| 653 | |a Literatura | ||
| 653 | |a Literatura argentina | ||
| 653 | |a Cuentos | ||
| 653 | |a Literatura infantil | ||
| 653 | |a Cuentos de terror | ||
| 859 | |a CEMS |b BIB. CEMS - 11 de abril |h A868.4 |i D815 |p 27484.18 |t Ej.1 | ||
| 859 | |a CEMS |b BIB. CEMS - Inicial y Primaria |h A868.4 |i D815 |k IP |p 5450 |t Ej.1 | ||
| 859 | |a CEMS |b BIB. CEMS - Inicial y Primaria |h A868.4 |i D815 |k IP |p 5451 |t Ej.2 | ||
| 859 | |a CEMS |b BIB. CEMS - Inicial y Primaria |h A868.4 |i D815 |k IP |p 5452 |t Ej.3 | ||
| 859 | |a CEMS |b BIB. CEMS - Inicial y Primaria |h A868.4 |i D815 |k IP |p 5453 |t Ej.4 | ||
| 859 | |a CEMS |b BIB. CEMS - Inicial y Primaria |h A868.4 |i D815 |k IP |p 5454 |t Ej.5 | ||
| 859 | |a CEMS |b BIB. CEMS - Inicial y Primaria |h A868.4 |i D815 |k IP |p 5455 |t Ej.6 | ||
| 859 | |a CEMS |b BIB. CEMS - Inicial y Primaria |h A868.4 |i D815 |k IP |p 5456 |t Ej.7 | ||
| 859 | |a CEMS |b BIB. CEMS - Inicial y Primaria |h A868.4 |i D815 |k IP |p 5457 |t Ej.8 | ||
| 859 | |a CEMS |b BIB. CEMS - Inicial y Primaria |h A868.4 |i D815 |k IP |p 5459 |t Ej.9 | ||
| 859 | |a CEMS |b BIB. CEMS - Inicial y Primaria |h A868.4 |i D815 |k IP |p 5458 |t Ej.10 | ||
